000 01284nam a2200397 i 4500
001 10036
003 KOSZ 005
005 20191002135821.0
008 000324s1979 pl |000 0 pol
015 _aPB 1979/1269
020 _a8301001097
035 _a(PL-WaBN)b13678565-48omnis_nlop
035 _ab13678565
035 _a(OCoLC)830243753
035 _a(PL)b0000013678565
040 _aWA N
_cWA N
_dKOSZ 005/HR
080 _a17
080 _a(07)
245 0 0 _aEtyka :
_bpraca zbiorowa /
_cpod red. Henryka Jankowskiego ; [aut. części Marek Fritzhand et al.].
250 _aWyd. 3.
260 _aWarszawa :
_bPaństwowe Wydawnictwo Naukowe,
_c1979.
300 _a419, [1] s. ;
_c21 cm.
336 _2rdacontent
_aTekst
_btxt
337 _2rdamedia
_aBez urządzenia pośredniczącego
_bn
338 _2rdacarrier
_aWolumin
_bnc
380 _aKsiążki
388 _a1901-2000
658 _aFilozofia i etyka
655 7 _aPodręcznik
_2DBN
650 7 _aEtyka
_2DBN
700 1 _aFritzhand, Marek
_d(1913-1992).
_eAutor
700 1 _aJankowski, Henryk
_d(1929-2004).
_eRedakcja
856 _uhttp://koha.tu.koszalin.pl/cgi-bin/koha/opac-detail.pl?biblionumber=10036
_yKatalog online BPK
942 _2UKD
_cKS
999 _c10036
_d10036